Movies Quiz

Random Movies or Actress Quiz

Kim Basinger: 15 Seconds of Fame Quiz Stats

 Plays Quiz not verified by Sporcle

Support Sporcle.
Go Orange.
Score 0/10 Timer 00:15
0 Plays Today
% Correct
Alien
63.4%
Confidential
62.8%
Darker
62.1%
Weeks
60.6%
Mile
53.6%
Match
50.3%
Wear
42.1%
Africa
39.1%
Analysis
36.8%
World
36%

You're not logged in!

Compare scores with friends on all Sporcle quizzes.
OR
Log In

From the Vault

Top 40 Hits of 1981

by PastorFireball

In 1981, MTV changed everything.
Remove Ads.
Support Sporcle.
Get the best of Sporcle when you Go Orange. This ad-free experience offers more features, more stats, and more fun while also helping to support Sporcle. Thank you for becoming a member.

Show Comments

Extras

Top Quizzes Today


Score Distribution

Your Account Isn't Verified!

In order to create a playlist on Sporcle, you need to verify the email address you used during registration. Go to your Sporcle Settings to finish the process.

Report this User

Report this user for behavior that violates our Community Guidelines.

Details: